| 000 | 00834nam a2200217 a 4500 | ||
|---|---|---|---|
| 003 | 0 | ||
| 005 | 20250204095508.0 | ||
| 008 | 130824s19uu xx 00 eng d | ||
| 050 |
_aPHS GV 1469.15 _b.An581 2013 |
||
| 100 | _aAng, Christian R. | ||
| 245 |
_aRelationship between strategy game capability and problem solving skills / _cChristian R. Ang. |
||
| 260 |
_aLas PiƱas City, Philippines : _bSouthville International School and Colleges, _c2013. |
||
| 300 |
_a38 p. : _bill. ; _c28 cm. |
||
| 504 | _aIncludes bibliographical references. | ||
| 650 |
_aStrategy games _vPsychological aspects. |
||
| 650 |
_aProblem solving _vCognitive processes. |
||
| 650 |
_aDecision making _vPsychological aspects. |
||
| 650 |
_aEducational games _vCognitive development. |
||
| 650 |
_aVideo games _vInfluence on learning. |
||
| 942 |
_2lcc _cPASS |
||
| 999 |
_c98964 _d98964 |
||